[Event "Torino Sada op"]
[Site "Torino"]
[Date "2010.10.04"]
[Round "4"]
[White "Barbiso, Tiziana"]
[Black "Settis, Massimo"]
[Result "1/2-1/2"]
[WhiteElo "2035"]
[BlackElo "1970"]
[PlyCount "37"]
[EventDate "2010.09.13"]
[EventType "swiss"]
[EventRounds "7"]
[EventCountry "ITA"]
[SourceTitle "EXT 2018"]
[Source "ChessBase"]
[SourceDate "2017.10.13"]
[SourceVersion "1"]
[SourceVersionDate "2017.10.13"]
[SourceQuality "1"]

1. e4 e5 2. Nf3 Nc6 3. d4 exd4 4. Nxd4 Nf6 5. Nxc6 bxc6 6. e5 Qe7 7. Qe2 Nd5 8. c4 Nb6 9. b3 a5 10. Bb2 a4 11. Nd2 axb3 12. Nxb3 Qb4+ 13. Qd2 Rxa2 14. Rxa2 Qxb3 15. Bc3 Qb1+ 16. Ke2 Qe4+ 17. Kd1 Qb1+ 18. Ke2 Qe4+ 19. Kd1 1/2-1/2

[Event "Nichelino op 11th"]
[Site "Nichelino"]
[Date "2010.10.02"]
[Round "3"]
[White "Cacinschi, Alexandru"]
[Black "Barbiso, Tiziana"]
[Result "1/2-1/2"]
[WhiteElo "1959"]
[BlackElo "2035"]
[PlyCount "58"]
[EventDate "2010.09.30"]
[EventType "swiss"]
[EventRounds "6"]
[EventCountry "ITA"]
[SourceTitle "EXT 2024"]
[Source "ChessBase"]
[SourceDate "2023.10.10"]
[SourceVersion "1"]
[SourceVersionDate "2023.10.10"]
[SourceQuality "1"]

1. d4 d5 2. Nf3 Nf6 3. c4 e6 4. g3 c6 5. Bg2 Nbd7 6. Qc2 Bd6 7. 0-0 0-0 8. Rd1 Re8 9. e3 Qe7 10. Nbd2 e5 11. cxd5 Nxd5 12. Nc4 Bc7 13. e4 Nb4 14. Qb3 exd4 15. Nxd4 Nf6 16. Bg5 Na6 17. Ne3 Nc5 18. Nef5 Bxf5 19. Nxf5 Nxb3 20. Nxe7+ Rxe7 21. Bxf6 gxf6 22. axb3 Kg7 23. Rd2 Be5 24. Bh3 Bc7 25. Bf5 Bb6 26. Rad1 Ree8 27. Rd7 Rad8 28. Kg2 h6 29. h4 Kf8 1/2-1/2

[Event "Nichelino op 11th"]
[Site "Nichelino"]
[Date "2010.10.01"]
[Round "2"]
[White "Barbiso, Tiziana"]
[Black "Bisi, Samuele"]
[Result "1/2-1/2"]
[WhiteElo "2035"]
[BlackElo "1829"]
[PlyCount "61"]
[EventDate "2010.09.30"]
[EventType "swiss"]
[EventRounds "6"]
[EventCountry "ITA"]
[SourceTitle "EXT 2024"]
[Source "ChessBase"]
[SourceDate "2023.10.10"]
[SourceVersion "1"]
[SourceVersionDate "2023.10.10"]
[SourceQuality "1"]

1. e4 e5 2. Nf3 Nc6 3. d4 exd4 4. Nxd4 Bc5 5. Nxc6 Qf6 6. Qd2 dxc6 7. Nc3 Ne7 8. Na4 Qd6 9. Nxc5 Qxc5 10. Bd3 Be6 11. 0-0 0-0-0 12. Qe3 Qxe3 13. Bxe3 a6 14. a3 Rhe8 15. Rae1 h6 16. f4 f5 17. e5 Rd7 18. h3 g6 19. Kf2 Nd5 20. Bc1 Rg8 21. Rg1 g5 22. g4 Rf7 23. fxg5 fxg4+ 24. Ke2 hxg5 25. hxg4 Nf4+ 26. Ke3 Nxd3 27. Kxd3 Rd8+ 28. Kc3 Rf3+ 29. Re3 Rf4 30. b3 Rxg4 31. Rxg4 1/2-1/2

[Event "Nichelino op 11th"]
[Site "Nichelino"]
[Date "2010.09.30"]
[Round "1"]
[White "Paoli, Mario"]
[Black "Barbiso, Tiziana"]
[Result "0-1"]
[WhiteElo "1761"]
[BlackElo "2035"]
[PlyCount "46"]
[EventDate "2010.09.30"]
[EventType "swiss"]
[EventRounds "6"]
[EventCountry "ITA"]
[SourceTitle "EXT 2024"]
[Source "ChessBase"]
[SourceDate "2023.10.10"]
[SourceVersion "1"]
[SourceVersionDate "2023.10.10"]
[SourceQuality "1"]

1. d4 d5 2. c4 e6 3. Nc3 c6 4. a4 Nf6 5. e3 Nbd7 6. Nf3 Bd6 7. Be2 dxc4 8. Bxc4 Qe7 9. Qc2 e5 10. 0-0 0-0 11. dxe5 Nxe5 12. Nxe5 Qxe5 13. f4 Qc5 14. Bd3 Re8 15. Kh1 h6 16. e4 Qh5 17. e5 Ng4 18. g3 Bc5 19. Ne4 Bb6 20. Nd6 Be6 21. Bc4 Nf2+ 22. Rxf2 Bxf2 23. Bxe6 Qf3# 0-1

[Event "ITA-ch (Women)"]
[Site "Bratto"]
[Date "2010.08.23"]
[Round "4"]
[White "Chierici, Marianna"]
[Black "Barbiso, Tiziana"]
[Result "1-0"]
[WhiteElo "2016"]
[BlackElo "2016"]
[PlyCount "80"]
[EventDate "2010.08.20"]
[EventType "swiss"]
[EventRounds "9"]
[EventCountry "ITA"]
[SourceTitle "CBM 138 Extra"]
[Source "ChessBase"]
[SourceDate "2010.10.29"]
[SourceVersion "1"]
[SourceVersionDate "2010.10.29"]
[SourceQuality "1"]

1. e4 e6 2. Nf3 d5 3. Nc3 Nf6 4. e5 Nfd7 5. d4 c5 6. dxc5 Bxc5 7. Bd3 b6 8. Qe2 Nc6 9. Bf4 Nb4 10. 0-0-0 Nxd3+ 11. Qxd3 Be7 12. Nd4 Bb7 13. Qg3 g6 14. h4 Qc7 15. Rhe1 a6 16. Bg5 Nc5 17. f3 h6 18. Bd2 0-0-0 19. Kb1 Kb8 20. Qf4 Rdf8 21. Qg4 Ka8 22. Qh3 Nd7 23. Qg3 Qc4 24. Nce2 Rc8 25. Bc3 g5 26. hxg5 hxg5 27. Rh1 Qc7 28. Nb3 d4 29. Rxh8 Rxh8 30. Bxd4 Qc4 31. Nc3 Rh4 32. Be3 Qc7 33. Bxg5 Bxg5 34. Qxg5 Rh8 35. Qe7 Bc6 36. Nd4 Kb7 37. Nxc6 Qxc6 38. Qxd7+ Qxd7 39. Rxd7+ Kc6 40. Rd6+ Kc7 1-0

[Event "ITA-ch (Women)"]
[Site "Bratto"]
[Date "2010.08.22"]
[Round "3"]
[White "Barbiso, Tiziana"]
[Black "Arnetta, Maria Teresa"]
[Result "1-0"]
[WhiteElo "2016"]
[BlackElo "2077"]
[PlyCount "123"]
[EventDate "2010.08.20"]
[EventType "swiss"]
[EventRounds "9"]
[EventCountry "ITA"]
[SourceTitle "CBM 138 Extra"]
[Source "ChessBase"]
[SourceDate "2010.10.29"]
[SourceVersion "1"]
[SourceVersionDate "2010.10.29"]
[SourceQuality "1"]

1. e4 Nc6 2. Nc3 Nf6 3. d4 d5 4. e5 Ng8 5. f4 h5 6. Qd3 Nh6 7. Nf3 a6 8. Nh4 Nb4 9. Qd1 Bg4 10. Be2 e6 11. Nf3 Bf5 12. Bd3 Nxd3+ 13. cxd3 Be7 14. Be3 Bh4+ 15. Nxh4 Qxh4+ 16. g3 Qe7 17. h3 Qb4 18. Qd2 Ng8 19. a3 Qb3 20. Kf2 Ne7 21. Rag1 0-0-0 22. Kf3 Kb8 23. g4 Bg6 24. Bf2 Nc6 25. Kg2 Qb6 26. Ne2 Qb5 27. Rd1 hxg4 28. hxg4 Rxh1 29. Kxh1 Rh8+ 30. Kg2 Qb3 31. Ng3 Ne7 32. Ne2 Be4+ 33. Kg3 Bg6 34. Nc3 Nc6 35. Be3 Qb6 36. Qf2 Na5 37. f5 exf5 38. gxf5 Bxf5 39. Qxf5 Qxb2 40. Bd2 Nb3 41. Qf2 Qc2 42. Be1 Nxd4 43. Qxc2 Nxc2 44. a4 c6 45. Bf2 Nb4 46. Bc5 a5 47. Bb6 Na6 48. Bxa5 Ka7 49. Rb1 Rh5 50. Bb6+ Ka8 51. d4 Rg5+ 52. Kf4 Rh5 53. Rg1 g6 54. Kf3 Nb4 55. Ne2 Nd3 56. Nf4 Nxf4 57. Kxf4 Kb8 58. Kg4 Kc8 59. Rf1 Rh7 60. Rf6 Kd7 61. Rd6+ Ke7 62. Bd8+ 1-0

[Event "Turin-ch"]
[Site "Turin"]
[Date "2009.11.09"]
[Round "1"]
[White "Parodi, Alessandro"]
[Black "Barbiso, Tiziana"]
[Result "1-0"]
[WhiteElo "2087"]
[BlackElo "1925"]
[PlyCount "79"]
[EventDate "2009.11.09"]
[EventType "swiss"]
[EventRounds "7"]
[EventCountry "ITA"]
[SourceTitle "EXT 2012"]
[Source "ChessBase"]
[SourceDate "2011.11.24"]
[SourceVersion "1"]
[SourceVersionDate "2011.11.24"]
[SourceQuality "1"]

1. d4 d5 2. Nf3 Nf6 3. c4 e6 4. Nc3 c6 5. cxd5 exd5 6. Bg5 Be7 7. Qc2 Nbd7 8. e3 Nf8 9. Bd3 Ne6 10. Bh4 g6 11. 0-0 Ng7 12. b4 Bf5 13. Bxf5 Nxf5 14. Bxf6 Bxf6 15. b5 0-0 16. bxc6 bxc6 17. Na4 Rc8 18. Rab1 Qe7 19. Rb3 Nd6 20. Nd2 Bg7 21. Rc3 f5 22. Rxc6 Nc4 23. Rxc8 Rxc8 24. Nxc4 Rxc4 25. Qb3 Qd6 26. Nb2 Rc6 27. Nd3 Rc4 28. Rb1 Bf8 29. Ne5 Rc7 30. g4 Kg7 31. gxf5 gxf5 32. Qd1 Kf6 33. Qh5 Rg7+ 34. Kh1 Qc7 35. Qh6+ Ke7 36. Nc6+ Kd7 37. Nb8+ Ke7 38. Nc6+ Kd7 39. Qf6 Rg6 40. Ne5+ 1-0

[Event "Turin Weekend op"]
[Site "Turin"]
[Date "2009.10.??"]
[Round "2"]
[White "Barbiso, Tiziana"]
[Black "Finocchiaro, Gianluca"]
[Result "1/2-1/2"]
[WhiteElo "1922"]
[BlackElo "2088"]
[PlyCount "86"]
[EventDate "2009.10.30"]
[EventType "swiss"]
[EventRounds "5"]
[EventCountry "ITA"]
[SourceTitle "EXT 2012"]
[Source "ChessBase"]
[SourceDate "2011.11.24"]
[SourceVersion "1"]
[SourceVersionDate "2011.11.24"]
[SourceQuality "1"]

1. e4 d5 2. exd5 Qxd5 3. Nc3 Qa5 4. d4 Nf6 5. Nf3 c6 6. Bc4 Bf5 7. Bd2 e6 8. Qe2 Bb4 9. Ne5 0-0 10. 0-0-0 c5 11. dxc5 Nc6 12. Nxc6 bxc6 13. f3 Rab8 14. Bb3 Qxc5 15. Bf4 Rbd8 16. Rxd8 Rxd8 17. Rd1 Nd5 18. Ne4 Qb6 19. Bd2 a5 20. a3 Be7 21. Qe1 Ra8 22. g4 Bg6 23. h4 a4 24. Bxd5 cxd5 25. Be3 Qb7 26. Nc3 Rb8 27. Nxa4 Bxc2 28. Kxc2 Qb3+ 29. Kc1 Qxa4 30. Qc3 Qa6 31. Kd2 Qb7 32. b4 Rc8 33. Qd4 Qa6 34. Qd3 Qd6 35. Rc1 Rd8 36. Bf2 Qh2 37. Qe2 d4 38. g5 Bd6 39. Kd3 Ra8 40. Bxd4 Qxh4 41. Qe4 Rxa3+ 42. Rc3 Qxe4+ 43. Kxe4 f5+ 1/2-1/2

[Event "Turin Weekend op"]
[Site "Turin"]
[Date "2009.10.??"]
[Round "5"]
[White "Barbiso, Tiziana"]
[Black "Quirico, Paolo"]
[Result "1-0"]
[WhiteElo "1922"]
[BlackElo "2095"]
[PlyCount "91"]
[EventDate "2009.10.30"]
[EventType "swiss"]
[EventRounds "5"]
[EventCountry "ITA"]
[SourceTitle "EXT 2012"]
[Source "ChessBase"]
[SourceDate "2011.11.24"]
[SourceVersion "1"]
[SourceVersionDate "2011.11.24"]
[SourceQuality "1"]

1. e4 e6 2. d4 d5 3. Nd2 Nf6 4. e5 Nfd7 5. Bd3 c5 6. c3 Nc6 7. Ne2 cxd4 8. cxd4 f6 9. exf6 Nxf6 10. Nf3 Bd6 11. 0-0 0-0 12. Bg5 Bd7 13. Bh4 Be8 14. Ng3 h6 15. Bxf6 Qxf6 16. a3 Rc8 17. Rc1 Bxg3 18. fxg3 Bh5 19. Kh1 Nxd4 20. Rxc8 Rxc8 21. Bb1 Bxf3 22. gxf3 e5 23. Ba2 Rd8 24. Qd3 Kh8 25. Kg2 Nf5 26. Bb1 Rf8 27. Kh1 g6 28. Rc1 Nd4 29. f4 e4 30. Qc3 Nf3 31. Qxf6+ Rxf6 32. Rd1 Rc6 33. Kg2 Rb6 34. b4 a5 35. Rxd5 Ne1+ 36. Kf2 axb4 37. Kxe1 bxa3 38. Ba2 e3 39. Ra5 Rb2 40. Rxa3 b5 41. Bd5 Rd2 42. Be4 Rxh2 43. Rxe3 Kg7 44. Rb3 Rh3 45. Kf2 h5 46. Kg2 1-0

[Event "ITA-chT Final (Women) 1st"]
[Site "Arvier"]
[Date "2008.05.04"]
[Round "5"]
[White "Barbiso, Tiziana"]
[Black "Panella, Fiammetta"]
[Result "0-1"]
[WhiteElo "1970"]
[BlackElo "2042"]
[PlyCount "60"]
[EventDate "2008.05.02"]
[EventType "team-swiss"]
[EventRounds "5"]
[EventCountry "ITA"]
[SourceTitle "CBM 124 Extra"]
[Source "ChessBase"]
[SourceDate "2008.07.03"]
[SourceVersion "1"]
[SourceVersionDate "2008.07.03"]
[SourceQuality "1"]
[WhiteTeam "Torino"]
[BlackTeam "Vitinia"]
[WhiteTeamCountry "ITA"]
[BlackTeamCountry "ITA"]

1. e4 c5 2. Nc3 e6 3. f4 Nc6 4. Nf3 a6 5. a4 d5 6. e5 Qc7 7. Be2 Bd7 8. 0-0 f6 9. d3 Nge7 10. Qe1 Nf5 11. exf6 gxf6 12. Nh4 Nxh4 13. Qxh4 0-0-0 14. f5 Bd6 15. Bf4 Nd4 16. fxe6 Bxe6 17. Bxd6 Qxd6 18. Rxf6 Qd7 19. Raf1 Rhg8 20. Bh5 Nf5 21. Qe1 Nd4 22. Bf7 Bxf7 23. Rxf7 Qg4 24. Qf2 h5 25. Nd1 Rde8 26. Rf4 Ne2+ 27. Kh1 Nxf4 28. Qxc5+ Kb8 29. Qd6+ Ka8 30. g3 Re1 0-1